000
00304nam a2200133Ia 4500
008
230312s9999||||xx |||||||||||||| ||und||
082
_a
720.19
_b
CHA-S
100
_a
Charpentier; Galerie
245
0
_a
Sotheby's
260
_b
Paris
_a
Paris
_c
2007
300
_a
237
650
_a
Architecture
942
_c
BK
999
_c
11698
_d
11698